| 000 | 00494nam a22001457a 4500 | ||
|---|---|---|---|
| 999 |
_c512903 _d512903 |
||
| 008 | 191227b ||||| |||| 00| 0 eng d | ||
| 100 |
_aJha, Praveen _914943 |
||
| 245 | _aProspects for labour and contemporary capitalism: An assessment with reference to India | ||
| 260 | _bIndian Journal of Labour Economics | ||
| 300 | _a62(3), Jul-Sep, 2019: p.319-340. | ||
| 650 |
_aCapitalism - India _914944 |
||
| 773 | _aIndian Journal of Labour Economics | ||
| 906 | _aLabour - India | ||
| 942 | _cAR | ||